| 000 | 00342nam a2200145Ia 4500 | ||
|---|---|---|---|
| 008 | 240729s9999 xx 000 0 und d | ||
| 022 | _a1314-7374 | ||
| 245 | 0 | _aQuanta | |
| 260 | _aBulgaria | ||
| 260 | _bQuanta | ||
| 650 | _aScience | ||
| 856 | _uhttps://doaj.org/toc/8e5d48d4c69e4ad88a86ae4c51cb9844 | ||
| 942 | _2ddc | ||
| 942 | _cDOAJEJ | ||
| 999 |
_c68225 _d68225 |
||
| 945 |
_a1 _bMadushi Gamage _c1 _dMadushi Gamage |
||